[Event "MCR v sachu muzu 2020"]
[Site "Plzen"]
[Date "2020.08.25"]
[Round "3"]
[Board "1"]
[White "Navara, David"]
[Black "Hurdzan, Tomáš"]
[Result "1-0"]
[WhiteElo "2719"]
[BlackElo "2325"]
[PlyCount "0"]
[EventDate "2020.08.23"]
[EventRounds "9"]
[EventCountry "CZE"]

1. e4  c5  2. Nf3  d6
3. d4  cxd4  4. Nxd4
Nf6  5. Nc3  Nc6
6. Bg5  e6  7. Qd2
a6  8. O-O-O  Bd7
9. f4  Be7  10. Nf3
b5  11. Bd3  Qb6
12. e5  b4  13. exf6
gxf6  14. Nd5  exd5
15. Bh4  O-O-O  16. Rhe1
Rde8  17. Kb1  Bd8
18. Rxe8  Rxe8  19. Bxh7
Rh8  20. Bd3  Qa5
21. Bf2  f5  22. Nd4
Nxd4  23. Bxd4  Rxh2
24. c3  bxc3  25. Bxc3
Qb6  26. Bd4  Qb7
27. Qe2  Bb5  28. Bxf5+
Kb8  29. Qg4  Bb6
30. Bxb6  Qxb6  31. Qg8+
Ka7  32. Qxf7+  Qb7
33. Qxb7+  Kxb7  34. Bh3
Kc7  35. f5  Kd7
36. f6+  Ke8  37. Rxd5
Kf7  38. Rxd6  Rh1+
39. Kc2  Rf1  40. Be6+
 1-0

[Event "MCR v sachu muzu 2020"]
[Site "Plzen"]
[Date "2020.08.25"]
[Round "3"]
[Board "2"]
[White "Hrácek, Zbynek"]
[Black "Freisler, Pavel"]
[Result "1-0"]
[WhiteElo "2563"]
[BlackElo "2249"]
[PlyCount "0"]
[EventDate "2020.08.23"]
[EventRounds "9"]
[EventCountry "CZE"]

1. e4  e5  2. Nf3  Nc6
3. Bc4  Bc5  4. c3
Nf6  5. d4  exd4
6. e5  d5  7. Bb5
Ne4  8. cxd4  Bb6
9. Be3  O-O  10. Nc3
Bg4  11. h3  Bh5
12. Qc2  Bg6  13. Qb3
Ne7  14. O-O  c6
15. Bd3  Nf5  16. Rfe1
Nxe3  17. Rxe3  Ng5
18. Nxg5  Qxg5  19. Bxg6
Qxg6  20. Rd1  f6
21. Na4  fxe5  22. Nxb6
axb6  23. dxe5  Qf5
24. Rd2  b5  25. e6
Rae8  26. e7  Rf7
27. Rde2  Qd7  28. Qb4
d4  29. Rd2  Rfxe7
30. Rxd4  Qc7  31. Qb3+
Kf8  32. Rxe7  Rxe7
33. g3  g6  34. Qc3
Kg8  35. Kg2  Re8
36. Qb3+  Kg7  37. Qc3
Kg8  38. h4  Qf7
39. a3  Qe6  40. Rf4
Qe5  41. Qb3+  Qe6
42. Qd3  h5  43. Rd4
Kg7  44. Rd6  Qf7
45. Qd4+  Kh7  46. g4
hxg4  47. Qxg4  Re7
48. Kg3  Qb3+  49. f3
Rg7  50. Qe4  Qc4
51. Qxc4  bxc4  52. Kg4
Re7  53. f4  c3
54. bxc3  Re3  55. Rd7+  Kh6
56. Rxb7  Rxc3  57. a4
Ra3  58. Rb4  Rc3
59. f5  gxf5+  60. Kxf5
c5  61. Rf4  c4
62. Ke5  Rc1  63. Kd5  c3
64. Kc4  c2  65. Kc3
Re1  66. Kxc2  Re8
67. a5  Rc8+  68. Kb3
Rb8+  69. Rb4   1-0

[Event "MCR v sachu muzu 2020"]
[Site "Plzen"]
[Date "2020.08.25"]
[Round "3"]
[Board "4"]
[White "Kožúšek, Daniel"]
[Black "Láznicka, Viktor"]
[Result "0-1"]
[WhiteElo "2307"]
[BlackElo "2638"]
[PlyCount "0"]
[EventDate "2020.08.23"]
[EventRounds "9"]
[EventCountry "CZE"]

1. d4  Nf6  2. c4  e6
3. g3  Bb4+  4. Bd2
a5  5. Bg2  d6
6. Nc3  Nbd7  7. a3  Bxc3
8. Bxc3  a4  9. Qc2
O-O  10. e3  c5
11. Ne2  Qc7  12. dxc5  dxc5
13. Bxf6  Nxf6  14. Nc3
Bd7  15. O-O  Ng4
16. Rfd1  Ne5  17. Qe2
Bc6  18. f4  Bxg2
19. Kxg2  Nc6  20. Nb5
Qe7  21. Rd2  Rfd8
22. Rad1  Rxd2  23. Rxd2
e5  24. Nc3  Qe6
25. Nd5  Rf8  26. Qf3
exf4  27. gxf4  Na5
28. f5  Qe5  29. Nb6
Qf6  30. Nd7  Qg5+
31. Kh1  Re8  32. Nxc5
Nxc4  33. Rg2  Rxe3
34. Rxg5  Rxf3  35. Nxa4
f6  36. Rg3  Rxf5
37. Rb3  b5  38. Nc3
Nd6  39. Rb4  Kf7
40. b3  Rc5  41. Ne2
g5  42. Kg2  h5
43. a4  bxa4  44. bxa4  Rc2
45. Kf3  g4+  46. Kf2
f5  47. Rb6  f4
48. Ke1  f3  49. Nd4  Rc1+
50. Kf2  Ne4+   0-1

[Event "MCR v sachu muzu 2020"]
[Site "Plzen"]
[Date "2020.08.25"]
[Round "3"]
[Board "5"]
[White "Štocek, Jirí"]
[Black "Serrano, Salvador Eduardo"]
[Result "1-0"]
[WhiteElo "2595"]
[BlackElo "2299"]
[PlyCount "0"]
[EventDate "2020.08.23"]
[EventRounds "9"]
[EventCountry "CZE"]

1. d4  d5  2. c4  c6
3. Nf3  Nf6  4. Nc3
e6  5. Bg5  dxc4
6. e4  b5  7. a4
Bb4  8. e5  h6
9. exf6  hxg5  10. fxg7  Rg8
11. g3  Bb7  12. Bg2
Nd7  13. O-O  a6
14. Ne4  Rxg7  15. axb5
cxb5  16. Nfxg5  Qb6
17. Qh5  O-O-O  18. Nxf7
Bxe4  19. Nxd8  Bxg2
20. Nxe6  Qxe6  21. Kxg2
Nf6  22. Qe5  Qc6+
23. Kg1  Re7  24. Qf5+
Kb7  25. d5  Nxd5
26. Rfd1  Nf6  27. Rd8
Ne4  28. Qf8  a5
29. Rxa5  Bxa5  30. Qxe7+
Bc7  31. h4  Nxg3
32. fxg3  Qg6  33. Rd2
Qxg3+  34. Rg2  Qf4
35. Re2  Qd4+  36. Kh1
Ka6  37. Qe4  Bb6
38. Re1  b4  39. Qa8+
Kb5  40. Qe8+  Ka6
41. Qa4+  Kb7  42. Re7+
Kb8  43. Qe8+  Bd8
44. Qb5+  Bb6  45. Qe5+
Qxe5  46. Rxe5  c3
47. bxc3  bxc3  48. Re4
Bd8  49. Rc4  Kb7
50. h5  Bf6  51. Kg2
Kb6  52. Kf3  Kb5
53. Rc8   1-0

[Event "MCR v sachu muzu 2020"]
[Site "Plzen"]
[Date "2020.08.25"]
[Round "3"]
[Board "13"]
[White "Jurek, Josef"]
[Black "Orság, Milan"]
[Result "0-1"]
[WhiteElo "2234"]
[BlackElo "2300"]
[PlyCount "0"]
[EventDate "2020.08.23"]
[EventRounds "9"]
[EventCountry "CZE"]

1. Nf3  d6  2. d4  Bg4
3. c4  Nd7  4. Nc3
e5  5. g3  Bxf3
6. exf3  exd4  7. Qxd4  Ngf6
8. Bg2  Be7  9. O-O
O-O  10. f4  c6
11. b3  Qb6  12. Qd3  Nc5
13. Qf5  Rfe8  14. Rb1
a5  15. Be3  Qc7
16. a3  g6  17. Qc2
Ncd7  18. Qd2  Nb6
19. h3  Nfd7  20. Qd3
Nc5  21. Qc2  a4
22. Nxa4  Nbxa4  23. bxa4
Bf6  24. Rb4  Re7
25. Rfb1  Rae8  26. Bxc5
dxc5  27. Rxb7  Qxb7
28. Rxb7  Rxb7  29. Bxc6
Re1+  30. Kg2  Rb2
31. Qd3  Bd4  32. h4
Rxf2+  33. Kh3  Re6
34. Be4  Kg7  35. a5
Ra6  36. Bd5  Rxa5
37. Qe4  Ra7  38. Qe8
h5  39. a4  Ra2
40. f5  gxf5  41. Qc8  Rf2
42. a5  Re7  43. Qd8
Bf6  44. Bxf7  Rh2+
 0-1

[Event "MCR v sachu muzu 2020"]
[Site "Plzen"]
[Date "2020.08.25"]
[Round "3"]
[Board "19"]
[White "Pokrupa, Marek"]
[Black "Mládek, Richard"]
[Result "1/2-1/2"]
[WhiteElo "2164"]
[BlackElo "2280"]
[PlyCount "0"]
[EventDate "2020.08.23"]
[EventRounds "9"]
[EventCountry "CZE"]

1. g3  g6  2. c4  Nf6
3. Bg2  Bg7  4. Nc3
O-O  5. e4  d6
6. Nge2  c5  7. O-O  Nc6
8. d3  Ne8  9. Be3
Nd4  10. Qd2  Nc7
11. Bh6  Rb8  12. Bxg7
Kxg7  13. b4  e5
14. Nxd4  cxd4  15. Nd5
Nxd5  16. exd5  Bd7
17. a4  Rc8  18. Rfc1
Qe7  19. Re1  b6
20. Qb2  Qd8  21. Qd2
f6  22. Qb2  Qc7
23. Qd2  a5  24. b5
Bf5  25. Rf1  Rfe8
26. Rae1  Qc5  27. Ra1
e4  28. dxe4  Bxe4
29. Bh3  Bf5  30. Bxf5
gxf5  31. Rac1  Re4
32. Kg2  Rce8  33. Rfe1
d3  34. Rf1  Rxc4
35. Rxc4 Qxc4  36. Rd1  Qxd5+
37. Kh3  Qc4  38. Qxd3
Qxa4  39. Qxd6  Qxb5
40. Qc7+  Kg6  41. Rd7
Rg8  42. Rxh7  Qe8
43. Re7  Qa8  44. Qb7
Rh8+  45. Kg2  f4
46. g4  f3+  47. Kxf3
Rh3+  48. Kf4  Qxb7
49. Rxb7  Rb3  50. h4
Rb4+  51. Kg3  f5
52. h5+  Kh6  53. f3
fxg4  54. fxg4  Rb1
55. Ra7  Rg1+  56. Kh4
Rh1+  57. Kg3  Rg1+
58. Kh4   1/2-1/2

[Event "MCR v sachu muzu 2020"]
[Site "Plzen"]
[Date "2020.08.25"]
[Round "3"]
[Board "27"]
[White "Folk, Petr"]
[Black "Gnojek, Petr"]
[Result "1/2-1/2"]
[WhiteElo "2122"]
[BlackElo "2225"]
[PlyCount "0"]
[EventDate "2020.08.23"]
[EventRounds "9"]
[EventCountry "CZE"]

1. e4  d6  2. d4  Nf6
3. Nc3  g6  4. f4
Bg7  5. Nf3  O-O
6. Bd3  Nc6  7. O-O
e5  8. dxe5  dxe5
9. f5  Nb4  10. Bg5
Nxd3  11. cxd3  gxf5
12. Kh1  h6  13. Bh4
Qd6  14. exf5  Bxf5
15. d4  Ng4  16. dxe5
Qxd1  17. Nxd1  Be4
18. Nc3  Bxf3  19. Rxf3
Nxe5  20. Rf5  Ng6
21. Bg3  Ne7  22. Rb5
b6  23. Bxc7  Rac8
24. Be5  Rfd8  25. Bxg7
Kxg7  26. Re1  Rd2
27. Kg1  Ng6  28. Re2
Rcd8  29. Kf2  R2d4
30. g3  f6  31. a4
Ne5  32. a5  R8d6
33. axb6  axb6  34. Kg2
Kg6  35. Ne4  Re6
36. Nc3  Rc6  37. Nd5
Rc5  38. Nf4+  Kf5
39. Rxb6  Re4  40. Rf2
Ng4  41. Nd3+  Nxf2
42. Nxc5  Re2  43. Kf3
Rc2  44. Nd7  Ng4
45. Rb5+  Ne5+  46. Nxe5
fxe5  47. h3 h5  48. g4+
hxg4+  49. hxg4+  Kf6
50. g5+  Kxg5  51. Rxe5+
Kf6  52. Re2  Rxe2
53. Kxe2  Ke6  54. Kd2
 1/2-1/2

[Event "MCR v sachu muzu 2020"]
[Site "Plzen"]
[Date "2020.08.25"]
[Round "3"]
[Board "34"]
[White "Nemcová, Karin"]
[Black "Tauš, Martin"]
[Result "1/2-1/2"]
[WhiteElo "1983"]
[BlackElo "2142"]
[PlyCount "0"]
[EventDate "2020.08.23"]
[EventRounds "9"]
[EventCountry "CZE"]

1. e4  e6  2. d4  d5
3. Nc3  Nc6  4. Nf3
Nf6  5. Bg5  Be7
6. e5  Ne4  7. Bxe7
Qxe7  8. Bd3  Qb4
9. a3  Nxc3  10. axb4
Nxd1  11. Kxd1  Nxb4
12. Be2  Bd7  13. c3
Nc6  14. b4  O-O
15. b5  Ne7  16. Kd2
c6  17. bxc6  Bxc6
18. h4  a6  19. h5
h6  20. g4  f6
21. Rh2  Bb5  22. Bxb5  axb5
23. Rb1  Ra2+  24. Kd3
fxe5  25. Nxe5  Nc6
26. Ke3  Nxe5  27. dxe5
Rc8  28. Rb3  b4
29. cxb4  Rcc2  30. Rg2
Re2+  31. Kd4  b6
32. g5  Re4+  33. Kd3
hxg5  34. Rxg5  Rxf2
35. h6  Rf7  36. Rc3
Kh7  37. hxg7  Rxg7
38. Rxg7+  Kxg7  39. Rc6
Rxe5  40. Rxb6  Re4
41. Kc3  Kf6  42. Rc6
Ke5  43. b5  d4+
44. Kd2  Re3  45. Kc2
Kd5  46. Rc8  Rh3
47. b6  Rh7  48. Kd3
e5  49. Rc7  e4+
50. Kd2  Rh2+  51. Kc1
Rh6  52. b7  Rb6
53. Kc2  Ke5  54. Rd7
Rb4  55. Rf7  Kd6
56. Rh7  Kc6  57. Rh4
Kd5  58. Rh7  e3
59. Rd7+  Ke4  60. Re7+
Kf3  61. Kd3  Kf2
62. Rf7+  Ke1  63. Rh7
Kf2  64. Rf7+  Kg3
65. Re7  Kf4  66. Rf7+
Ke5  67. Rd7  Rb3+
68. Kc2  Rb4  69. Kd3
Rb3+   1/2-1/2

[Event "MCR v sachu muzu 2020"]
[Site "Plzen"]
[Date "2020.08.25"]
[Round "3"]
[Board "38"]
[White "Joukl, Zdenek"]
[Black "Beneš, Miroslav"]
[Result "1/2-1/2"]
[WhiteElo "2062"]
[BlackElo "2011"]
[PlyCount "0"]
[EventDate "2020.08.23"]
[EventRounds "9"]
[EventCountry "CZE"]

1. d4  d5  2. Nf3  c5
3. e3  Nc6  4. b3
Bf5  5. Bb2  e6
6. Bd3  Bxd3  7. Qxd3  Nf6
8. O-O  a6  9. Ne5
Rc8  10. Rc1  Bd6
11. a3  Bxe5  12. dxe5
Ng4  13. e4  Qh4
14. Qg3  Qxg3  15. hxg3
dxe4  16. Nc3  e3
17. fxe3  Ncxe5  18. Ne4
O-O  19. Nf2  Rfd8
20. Bc3  Nxf2  21. Kxf2
Ng4+  22. Kf3  h5
23. Rh1  g6  24. Ba5
Rd6  25. Rhd1  Rcc6
26. Bc3  f6  27. Ke2
Kf7  28. Rf1  e5
29. Rad1  Ke6  30. Rd3
e4  31. Rd2  Rxd2+
32. Kxd2  Rd6+  33. Ke2
f5  34. Rb1  Nf6
35. Be1  Nd7  36. Rd1
b5  37. Bc3  Rxd1
38. Kxd1  Nb6  39. Bg7
a5  40. Kd2  a4
41. Bh6  Kd5  42. Kc3  axb3
43. cxb3  c4  44. bxc4+
Nxc4  45. Kb4  Kc6
46. a4  Kb6  47. Bf8
Nb2  48. Bc5+  Kb7
49. Kxb5  Nd1  50. Bd4
Nf2  51. Kc5  Nd3+
52. Kd5  Ne1  53. Bf6
Nxg2  54. Kd4  Ne1
55. Ke5  Nf3+  56. Kf4
Ka6  57. Bd8  Kb7
58. a5  Ka6  59. Bc7
h4  60. gxh4  Nxh4
61. Kg5  Ng2  62. Bb6
Nxe3  63. Bxe3  Kxa5
64. Kxg6  f4  65. Bxf4
e3  66. Kf5  e2
67. Bd2+  Kb5  68. Ke4  e1=B
69. Bxe1   1/2-1/2